[Event "XXXIII Torneo B di Capodanno"]
[Site "Reggio nell'Emilia ITA"]
[Date "1991.01.08"]
[Round "1"]
[White "Arlandi, Ennio"]
[Black "Cebalo, Miso"]
[Result "1/2-1/2"]
[WhiteElo "2400"]
[BlackElo "2540"]
[PlyCount "149"]
[EventDate "1991.01.08"]

1. d4 Nf6 2. c4 c5 3. d5 d6 4. Nc3 g6 5. e4 Bg7 6. h3 O-O 7. Nf3 e6 8. Bd3 Na6
9. O-O Nc7 10. a4 Na6 11. Re1 Nb4 12. Bf1 e5 13. a5 Bd7 14. Bd2 Ne8 15. Na2 Na6
16. b4 f5 17. b5 Nb8 18. Nc3 f4 19. Be2 h5 20. Ra3 Bh6 21. Nh2 Kh7 22. Qc2 Bc8
23. Rb1 Nd7 24. Nd1 Ndf6 25. f3 Ng8 26. Nf2 Bg5 27. Be1 Bh4 28. Qd1 Nh6 29. Nh1
Bd7 30. Kf1 Rg8 31. Bxh4 Qxh4 32. Rbb3 Rg7 33. b6 a6 34. Rc3 Nf6 35. Qe1 g5 36.
Qf2 Rag8 37. Bd1 Rg6 38. Rc2 R8g7 39. Rb2 Kg8 40. Rba2 Kf8 41. Rb2 Ke7 42. Rba2
Rg8 43. Rb3 Nf7 44. Ke1 R6g7 45. Be2 Nh8 46. Bf1 Ng6 47. Qxh4 Nxh4 48. Nf2 Rg6
49. Rba3 R8g7 50. Rb2 Rh6 51. Rc2 g4 52. fxg4 hxg4 53. Nhxg4 Bxg4 54. Nxg4 Nxg4
55. hxg4 Rxg4 56. Rh3 Kf6 57. Rf2 Kg5 58. Ke2 Ng6 59. Rxh6 Kxh6 60. Rf3 Rh4 61.
Kf2 Kg5 62. Be2 Nf8 63. Rh3 Nh7 64. Bd1 Rxh3 65. gxh3 Kh4 66. Bg4 Ng5 67. Bc8
Nxe4+ 68. Kg2 Nd2 69. Bxb7 e4 70. Bc8 f3+ 71. Kf2 Kg5 72. Kg3 Nf1+ 73. Kf2 Nd2
74. Kg3 Nf1+ 75. Kf2 1/2-1/2

[Event "XXXIII Torneo B di Capodanno"]
[Site "Reggio nell'Emilia ITA"]
[Date "1991.01.08"]
[Round "1"]
[White "Beil, Zdenek"]
[Black "Nemet, Ivan"]
[Result "1/2-1/2"]
[WhiteElo "2345"]
[BlackElo "2450"]
[PlyCount "38"]
[EventDate "1991.01.08"]

1. Nf3 Nf6 2. d4 g6 3. c4 Bg7 4. g3 O-O 5. Bg2 d6 6. O-O c6 7. Nc3 Bf5 8. Nh4
Be6 9. b3 d5 10. cxd5 cxd5 11. Bb2 Nc6 12. Rc1 Rc8 13. e3 Qd7 14. Re1 Bh3 15.
Na4 Bxg2 16. Nxg2 b6 17. Nf4 Rfd8 18. Re2 e6 19. Ba3 Bf8 1/2-1/2

[Event "XXXIII Torneo B di Capodanno"]
[Site "Reggio nell'Emilia ITA"]
[Date "1991.01.08"]
[Round "1"]
[White "Belotti, Bruno"]
[Black "Ceschia, Ivano"]
[Result "1-0"]
[WhiteElo "2460"]
[BlackElo "2340"]
[PlyCount "81"]
[EventDate "1991.01.08"]

1. e4 c5 2. Nf3 d6 3. d4 cxd4 4. Nxd4 Nf6 5. Nc3 g6 6. Be2 Bg7 7. O-O Nc6 8.
Nb3 O-O 9. Bg5 a6 10. f4 b5 11. Bf3 b4 12. Nd5 Nxd5 13. exd5 Na7 14. Rb1 a5 15.
Kh1 Nb5 16. Qe2 Qb6 17. Qxe7 Bf5 18. Rbe1 Bxc2 19. Qe2 Bxb3 20. axb3 Nd4 21.
Qf2 Qa6 22. Be2 Qb7 23. Bc4 Rfe8 24. g4 f5 25. Rd1 Qa7 26. h3 Qc5 27. gxf5 gxf5
28. Qh4 Ra7 29. Bh6 Rf7 30. Bxg7 Rxg7 31. Rg1 Qa7 32. Rxg7+ Qxg7 33. Qf2 Ne2
34. Bxe2 Qxb2 35. Qg3+ Kh8 36. Rg1 Qd4 37. Rg2 Qa1+ 38. Kh2 Qd4 39. Bb5 Rc8 40.
Bd7 Rb8 41. Qg5 1-0

[Event "XXXIII Torneo B di Capodanno"]
[Site "Reggio nell'Emilia ITA"]
[Date "1991.01.08"]
[Round "1"]
[White "Braga, Fernando Alberto"]
[Black "Vezzosi, Paolo"]
[Result "1/2-1/2"]
[WhiteElo "2445"]
[BlackElo "2325"]
[PlyCount "82"]
[EventDate "1991.01.08"]

1. d4 f5 2. g3 Nf6 3. Bg2 g6 4. Nd2 Nc6 5. c3 Bg7 6. Qb3 e6 7. Nh3 Qe7 8. e4
fxe4 9. Nxe4 Nxe4 10. Bxe4 O-O 11. O-O Kh8 12. Ng5 d5 13. Bg2 e5 14. Bxd5 exd4
15. Nf7+ Rxf7 16. Bxf7 Bh3 17. Bf4 Bxf1 18. Qxb7 Rf8 19. Qxc6 Bh3 20. Bc4 dxc3
21. bxc3 Bxc3 22. Rd1 Bd4 23. Bf1 Bxf2+ 24. Kxf2 Bxf1 25. Rd7 Qe2+ 26. Kg1 Qe1
27. Qc1 Qxc1 28. Bxc1 Rf3 29. Bh6 Bc4 30. Rxc7 Bxa2 31. Rxa7 Bd5 32. Rd7 Be6
33. Rd8+ Bg8 34. Kg2 Rf5 35. g4 Rd5 36. Rb8 g5 37. Kf3 Rd3+ 38. Ke4 Rd4+ 39.
Kf5 Rd5+ 40. Kf6 Rd6+ 41. Kxg5 Rg6+ 1/2-1/2

[Event "XXXIII Torneo B di Capodanno"]
[Site "Reggio nell'Emilia ITA"]
[Date "1991.01.08"]
[Round "1"]
[White "Godena, Michele"]
[Black "Cvitan, Ognjen"]
[Result "1-0"]
[WhiteElo "2405"]
[BlackElo "2535"]
[PlyCount "127"]
[EventDate "1991.01.08"]

1. e4 c5 2. Nf3 e6 3. c3 Nf6 4. e5 Nd5 5. d4 cxd4 6. cxd4 b6 7. Bd3 Ba6 8. O-O
Be7 9. Nc3 Nxc3 10. bxc3 Bxd3 11. Qxd3 d5 12. exd6 Qxd6 13. Ba3 Qc7 14. Bxe7
Kxe7 15. Rad1 Nd7 16. d5 Qd6 17. Rfe1 e5 18. Nxe5 Nxe5 19. f4 f6 20. fxe5 fxe5
21. Qg3 Kf7 22. Rxe5 Qc5+ 23. Kh1 Rhe8 24. Rg5 g6 25. d6 Qe3 26. d7 Re7 27. Qh4
Kg7 28. Rgd5 Rd8 29. h3 Qe4 30. Qg3 Qa4 31. R5d4 Qc6 32. Qd3 Qe6 33. a4 Qe2 34.
Qg3 Qe5 35. Qf3 Qe3 36. Qc6 Qg3 37. Rf1 Qe5 38. Qc8 Rf7 39. Rxf7+ Kxf7 40. Qc4+
Kg7 41. Rd5 Qe6 42. Qd4+ Qf6 43. Qd3 Qf4 44. Qe2 Kh6 45. c4 Qf6 46. a5 Kg7 47.
a6 h5 48. Rd1 Kh6 49. Qe3+ Qg5 50. Qe8 Qf6 51. Qe3+ Qg5 52. Qe8 Qf6 53. Re1 h4
54. Rd1 Kg7 55. Qe4 Qg5 56. Qe8 Qf6 57. Kg1 Kh6 58. Qe3+ Kg7 59. Kh1 Kf7 60.
Qe4 Kg7 61. Qb7 Qb2 62. Qxa7 Qc2 63. Rg1 Qxc4 64. Qb7 1-0

[Event "XXXIII Torneo B di Capodanno"]
[Site "Reggio nell'Emilia ITA"]
[Date "1991.01.09"]
[Round "2"]
[White "Beil, Zdenek"]
[Black "Manca, Federico"]
[Result "1/2-1/2"]
[WhiteElo "2345"]
[BlackElo "2420"]
[PlyCount "131"]
[EventDate "1991.01.08"]

1. d4 Nf6 2. c4 c5 3. d5 b5 4. cxb5 a6 5. e3 g6 6. Nc3 Bg7 7. Nf3 d6 8. Be2 O-O
9. O-O axb5 10. Bxb5 Ba6 11. Qe2 Qa5 12. Bxa6 Nxa6 13. Nd2 Nb4 14. Nc4 Qa6 15.
Rd1 Nd7 16. Bd2 Ne5 17. b3 Rfb8 18. Be1 Nxc4 19. bxc4 Bxc3 20. Bxc3 Nxa2 21.
Be1 Qa3 22. Kf1 Qb3 23. Qd3 Ra3 24. Qe4 Nc3 25. Qd3 Nxd1 26. Rxa3 Qb2 27. Ra7
Qc1 28. Bd2 Nb2+ 29. Bxc1 Nxd3 30. Bd2 Kf8 31. Bc3 Nb2 32. Bxb2 Rxb2 33. Ra1
Rc2 34. Ra4 h5 35. h4 Kg7 36. g3 Kf6 37. Kg2 e6 38. dxe6 Kxe6 39. Kf3 Ke5 40.
Ra7 Ke6 41. Ra4 f6 42. Kg2 Kf5 43. Kf3 Ke5 44. Ra8 Ke6 45. Re8+ Kf7 46. Re4 f5
47. Rf4 Ke6 48. e4 Ke5 49. exf5 gxf5 50. Ke3 Ra2 51. Kd3 Ra3+ 52. Kd2 Ra4 53.
Kc3 d5 54. Kb3 Rb4+ 55. Kc3 d4+ 56. Rxd4 Rb1 57. f4+ Ke6 58. Rd5 Rg1 59. Rxc5
Rxg3+ 60. Kd4 Rg4 61. Rc6+ Kd7 62. Rf6 Rxf4+ 63. Kd5 Rxh4 64. Rf7+ Ke8 65. Rxf5
Rh1 66. c5 1/2-1/2

[Event "XXXIII Torneo B di Capodanno"]
[Site "Reggio nell'Emilia ITA"]
[Date "1991.01.09"]
[Round "2"]
[White "Ceschia, Ivano"]
[Black "Godena, Michele"]
[Result "1-0"]
[WhiteElo "2340"]
[BlackElo "2405"]
[PlyCount "75"]
[EventDate "1991.01.08"]

1. e4 e6 2. d4 d5 3. Nc3 Nc6 4. e5 f6 5. Bb5 a6 6. Bxc6+ bxc6 7. Nf3 c5 8. Na4
cxd4 9. Qxd4 Rb8 10. c3 Bd7 11. O-O f5 12. Nc5 Ne7 13. Nxd7 Qxd7 14. b3 h6 15.
Qd3 Qb5 16. c4 dxc4 17. bxc4 Qc6 18. Rd1 Ng6 19. Nd4 Qd7 20. Qg3 Kf7 21. Be3
Rd8 22. h4 Bb4 23. Nxf5 Qxd1+ 24. Rxd1 Rxd1+ 25. Kh2 exf5 26. Qf3 f4 27. Bxf4
Nxf4 28. Qxd1 Ne6 29. f4 Rd8 30. Qh5+ Kg8 31. f5 Nf4 32. Qg4 Nd3 33. f6 Bf8 34.
Qe6+ Kh8 35. g3 Rb8 36. f7 Rb2+ 37. Kh1 Bc5 38. Qc8+ 1-0

[Event "XXXIII Torneo B di Capodanno"]
[Site "Reggio nell'Emilia ITA"]
[Date "1991.01.09"]
[Round "2"]
[White "Mokry, Karel"]
[Black "Belotti, Bruno"]
[Result "1/2-1/2"]
[WhiteElo "2510"]
[BlackElo "2460"]
[PlyCount "67"]
[EventDate "1991.01.08"]

1. e4 c5 2. Nf3 d6 3. d4 cxd4 4. Nxd4 Nf6 5. Nc3 a6 6. Be2 e6 7. f4 Qc7 8. O-O
b5 9. Bf3 Bb7 10. e5 dxe5 11. fxe5 Nfd7 12. Bf4 Nc6 13. Nxc6 Bxc6 14. Ne4 Bxe4
15. Bxe4 Rc8 16. Qf3 Nc5 17. Rae1 g6 18. Bd2 Nxe4 19. Rxe4 Bc5+ 20. Kh1 O-O 21.
b4 Be7 22. Bh6 f5 23. Bxf8 Bxf8 24. Re2 Bxb4 25. Rd1 Rd8 26. Rd3 Kf7 27. h3
Rxd3 28. Qxd3 Bc3 29. Qe3 Qc4 30. Qf3 b4 31. g4 Qxa2 32. gxf5 gxf5 33. Qb7+ Ke8
34. Qc8+ 1/2-1/2

[Event "XXXIII Torneo B di Capodanno"]
[Site "Reggio nell'Emilia ITA"]
[Date "1991.01.09"]
[Round "2"]
[White "Vezzosi, Paolo"]
[Black "Arlandi, Ennio"]
[Result "1/2-1/2"]
[WhiteElo "2325"]
[BlackElo "2400"]
[PlyCount "106"]
[EventDate "1991.01.08"]

1. c4 e6 2. Nc3 d5 3. d4 Be7 4. cxd5 exd5 5. Bf4 Nf6 6. e3 O-O 7. Bd3 c5 8.
Nge2 Nc6 9. O-O c4 10. Bb1 a6 11. Bg5 Ne8 12. Bxe7 Nxe7 13. Nf4 b5 14. Bc2 Nc7
15. Qf3 Bb7 16. Qg3 Ng6 17. Nh5 a5 18. f4 f5 19. Qh3 Bc8 20. Ng3 Qh4 21. Qxh4
Nxh4 22. Rfe1 Bd7 23. Nf1 b4 24. Na4 Bxa4 25. Bxa4 Rab8 26. Nd2 Nb5 27. Re2
Rfc8 28. g3 Ng6 29. Nf3 c3 30. Bb3 Ne7 31. Ne5 cxb2 32. Rxb2 Rc3 33. Re1 Rbc8
34. Nd7 Rc1 35. Kf1 Rxe1+ 36. Kxe1 Rc3 37. Re2 Rc1+ 38. Kd2 Rb1 39. Nc5 Nc3 40.
Rf2 Rb2+ 41. Ke1 Rb1+ 42. Kd2 Nc8 43. Kc2 Nb6 44. a3 Re1 45. axb4 axb4 46. Nd3
Rxe3 47. Nxb4 Nb5 48. Bxd5+ Nxd5 49. Nxd5 Nxd4+ 50. Kd2 Ra3 51. Nc3 Nb3+ 52.
Kc2 Nc5 53. Re2 Na4 1/2-1/2

[Event "XXXIII Torneo B di Capodanno"]
[Site "Reggio nell'Emilia ITA"]
[Date "1991.01.10"]
[Round "3"]
[White "Braga, Fernando Alberto"]
[Black "Ceschia, Ivano"]
[Result "1-0"]
[WhiteElo "2445"]
[BlackElo "2340"]
[PlyCount "61"]
[EventDate "1991.01.08"]

1. e4 c5 2. Nf3 d6 3. d4 cxd4 4. Qxd4 Nc6 5. Bb5 Bd7 6. Bxc6 bxc6 7. O-O e5 8.
Qd3 f6 9. c4 Ne7 10. Rd1 Be6 11. Nc3 Qc7 12. Be3 Rd8 13. b4 Nc8 14. a4 Qf7 15.
Nd2 f5 16. f3 Be7 17. b5 d5 18. exd5 cxd5 19. cxd5 Bxd5 20. Nxd5 Rxd5 21. Qc2
O-O 22. Nc4 Bc5 23. Rxd5 Qxd5 24. Rd1 Bd4 25. Bxd4 exd4 26. Qd3 Rd8 27. Ne3 Qa2
28. Nxf5 Qxa4 29. Qe2 Kf8 30. Re1 Qb3 31. Nxd4 1-0

[Event "XXXIII Torneo B di Capodanno"]
[Site "Reggio nell'Emilia ITA"]
[Date "1991.01.10"]
[Round "3"]
[White "Cebalo, Miso"]
[Black "Vezzosi, Paolo"]
[Result "1-0"]
[WhiteElo "2540"]
[BlackElo "2325"]
[PlyCount "65"]
[EventDate "1991.01.08"]

1. d4 f5 2. g3 Nf6 3. Bg2 d6 4. Nc3 Nc6 5. Bg5 e6 6. e4 fxe4 7. Nxe4 Be7 8.
Bxf6 Bxf6 9. Ne2 O-O 10. O-O e5 11. dxe5 Bxe5 12. c3 d5 13. Nc5 Ne7 14. Qb3 c6
15. Nd3 Bd6 16. c4 dxc4 17. Qxc4+ Kh8 18. Rad1 Qb6 19. b4 Ng6 20. Nc5 Be7 21.
Nd4 a5 22. Nde6 Bxe6 23. Nxe6 Rf6 24. bxa5 Qxa5 25. Rfe1 Ne5 26. Qb3 Ng4 27.
Re2 Bc5 28. Qxb7 Bxf2+ 29. Kh1 Rxe6 30. Rxe6 Bb6 31. Rf1 Nf2+ 32. Rxf2 Bxf2 33.
Qf7 1-0

[Event "XXXIII Torneo B di Capodanno"]
[Site "Reggio nell'Emilia ITA"]
[Date "1991.01.10"]
[Round "3"]
[White "Manca, Federico"]
[Black "Nemet, Ivan"]
[Result "1/2-1/2"]
[WhiteElo "2420"]
[BlackElo "2450"]
[PlyCount "48"]
[EventDate "1991.01.08"]

1. e4 e6 2. d4 d5 3. Nc3 Bb4 4. e5 c5 5. a3 Bxc3+ 6. bxc3 Ne7 7. Nf3 Nbc6 8. a4
Qa5 9. Qd2 Bd7 10. Be2 f6 11. exf6 gxf6 12. Ba3 cxd4 13. Nxd4 Nxd4 14. Qxd4 e5
15. Qd2 Qxa4 16. O-O Qc6 17. f4 e4 18. c4 h5 19. Rfd1 Nf5 20. cxd5 Qb6+ 21. Kh1
h4 22. h3 Qe3 23. Qxe3 Nxe3 24. Rd2 Kf7 1/2-1/2

[Event "XXXIII Torneo B di Capodanno"]
[Site "Reggio nell'Emilia ITA"]
[Date "1991.01.11"]
[Round "4"]
[White "Beil, Zdenek"]
[Black "Godena, Michele"]
[Result "0-1"]
[WhiteElo "2345"]
[BlackElo "2405"]
[PlyCount "66"]
[EventDate "1991.01.08"]

1. d4 d5 2. Nf3 Bf5 3. c4 e6 4. Nc3 Nc6 5. Bf4 Nf6 6. c5 a6 7. e3 Be7 8. Be2
Ne4 9. Rc1 Bf6 10. Qa4 O-O 11. b4 g5 12. Bg3 h5 13. Qb3 Bg7 14. h3 Nxg3 15.
fxg3 g4 16. hxg4 hxg4 17. Nh4 Bh7 18. b5 Qg5 19. bxc6 Qxe3 20. cxb7 Qxc1+ 21.
Bd1 Rab8 22. Ne2 Qc4 23. O-O Qxb3 24. axb3 Rxb7 25. Rf4 f5 26. Bc2 Rb4 27. Kf2
Rfb8 28. Ke3 Rxb3+ 29. Bxb3 Rxb3+ 30. Kd2 Bh6 31. Kc2 Rxg3 32. Rf1 Re3 33. Nf4
Kf7 0-1

[Event "XXXIII Torneo B di Capodanno"]
[Site "Reggio nell'Emilia ITA"]
[Date "1991.01.11"]
[Round "4"]
[White "Ceschia, Ivano"]
[Black "Arlandi, Ennio"]
[Result "0-1"]
[WhiteElo "2340"]
[BlackElo "2400"]
[PlyCount "93"]
[EventDate "1991.01.08"]

1. e4 e5 2. Nf3 Nf6 3. Nc3 Nc6 4. g3 Bc5 5. Nxe5 Nxe5 6. f4 Nc6 7. e5 Ng8 8. b4
Bxb4 9. Nd5 Nge7 10. Nxb4 Nxb4 11. c3 Nbc6 12. d4 d5 13. Bg2 Be6 14. O-O Qd7
15. Rf2 Na5 16. Ba3 g6 17. Bxe7 Kxe7 18. Qc1 Kd8 19. f5 Bxf5 20. Qg5+ Qe7 21.
Qh6 c6 22. Raf1 Qf8 23. Qh4+ Kc7 24. Bh3 Qd8 25. Qh6 Qf8 26. Qh4 Qa3 27. Bxf5
gxf5 28. Rxf5 Qxc3 29. Rxf7+ Kb6 30. R7f3 Qc2 31. Qe7 Ka6 32. Ra3 Qd2 33. Rf7
Qxd4+ 34. Kg2 Rab8 35. Rf4 Qd2+ 36. Kh3 Rhe8 37. Qd6 Rbd8 38. Qc7 d4 39. Rf6
Kb5 40. Rf1 b6 41. Qxa7 Nc4 42. Ra4 Ra8 43. Rb1+ Kc5 44. Qf7 Qh6+ 45. Kg2 Rxa4
46. Qxe8 Rxa2+ 47. Kf1 0-1

[Event "XXXIII Torneo B di Capodanno"]
[Site "Reggio nell'Emilia ITA"]
[Date "1991.01.11"]
[Round "4"]
[White "Cvitan, Ognjen"]
[Black "Cebalo, Miso"]
[Result "0-1"]
[WhiteElo "2535"]
[BlackElo "2540"]
[PlyCount "82"]
[EventDate "1991.01.08"]

1. d4 Nf6 2. Nf3 e6 3. e3 b6 4. Bd3 Bb7 5. O-O c5 6. c4 Be7 7. Nc3 d6 8. d5
exd5 9. cxd5 a6 10. e4 b5 11. a4 b4 12. Nb1 Nbd7 13. Nbd2 a5 14. b3 O-O 15. Bb2
Nb6 16. Qc2 g6 17. Rad1 Nfd7 18. Rfe1 Bf6 19. Bb5 Bxb2 20. Qxb2 f6 21. h3 Ba6
22. Bxa6 Rxa6 23. Qc2 Ra7 24. Rc1 Qe7 25. Nh2 Rc7 26. Ng4 c4 27. Nxc4 Nxc4 28.
bxc4 Nc5 29. f4 h5 30. Nf2 b3 31. Qb1 Rb8 32. Rc3 b2 33. Rg3 Kh7 34. f5 Qe5 35.
fxg6+ Kg7 36. Ra3 Nb3 37. Re2 Rxc4 38. Rxb2 Rbc8 39. Raxb3 Rc1+ 40. Nd1 Qd4+
41. Kh2 Rxd1 0-1

[Event "XXXIII Torneo B di Capodanno"]
[Site "Reggio nell'Emilia ITA"]
[Date "1991.01.11"]
[Round "4"]
[White "Manca, Federico"]
[Black "Belotti, Bruno"]
[Result "0-1"]
[WhiteElo "2420"]
[BlackElo "2460"]
[PlyCount "116"]
[EventDate "1991.01.08"]

1. e4 d6 2. d4 Nf6 3. Nc3 g6 4. f4 Bg7 5. Nf3 O-O 6. Bd3 Na6 7. O-O c5 8. d5
Rb8 9. Kh1 Bg4 10. Qe1 Nb4 11. Qh4 Nxd3 12. cxd3 b5 13. f5 Bxf3 14. Rxf3 Qc8
15. e5 dxe5 16. d6 exd6 17. Bg5 b4 18. Ne2 Nd5 19. f6 Bh8 20. Qh6 Re8 21. Raf1
Re6 22. Rh3 Nxf6 23. Bxf6 Bxf6 24. Qxh7+ Kf8 25. Rhf3 Ke7 26. Qh6 Qh8 27. Qe3
Qh4 28. Ng3 Rh8 29. h3 Rf8 30. Ne4 Bg7 31. Qg5+ Qxg5 32. Nxg5 f5 33. g4 d5 34.
Nxe6 Kxe6 35. gxf5+ gxf5 36. h4 e4 37. dxe4 dxe4 38. Rg3 Bxb2 39. Rg6+ Ke5 40.
h5 c4 41. h6 Rh8 42. Kg2 f4 43. Rg5+ Kf6 44. Rc5 f3+ 45. Kg3 Be5+ 46. Kg4 Rg8+
47. Kh4 Kf5 48. Rxc4 Bf6+ 49. Kh3 Rg6 50. h7 Rh6+ 51. Kg3 Rxh7 52. Rc5+ Be5+
53. Kf2 Kf4 54. Rc4 Rh2+ 55. Kg1 Rxa2 56. Rxb4 a5 57. Rc4 Re2 58. Ra4 Kg3 0-1

[Event "XXXIII Torneo B di Capodanno"]
[Site "Reggio nell'Emilia ITA"]
[Date "1991.01.12"]
[Round "5"]
[White "Arlandi, Ennio"]
[Black "Mokry, Karel"]
[Result "1/2-1/2"]
[WhiteElo "2400"]
[BlackElo "2510"]
[PlyCount "47"]
[EventDate "1991.01.08"]

1. d4 d6 2. Nf3 Bg4 3. c4 Nd7 4. Qb3 Rb8 5. g3 c5 6. d5 g6 7. h3 Bxf3 8. exf3
Bg7 9. a4 Ngf6 10. Bg2 O-O 11. O-O Ne8 12. f4 Nc7 13. Qd3 Na6 14. Ra3 Nb4 15.
Qd1 Nb6 16. Nd2 Qd7 17. Re1 a5 18. Bf1 Rfe8 19. Nf3 Qf5 20. Ng5 Qc2 21. Qg4 Qf5
22. Qe2 Qc2 23. Qg4 Qf5 24. Qe2 1/2-1/2

[Event "XXXIII Torneo B di Capodanno"]
[Site "Reggio nell'Emilia ITA"]
[Date "1991.01.12"]
[Round "5"]
[White "Belotti, Bruno"]
[Black "Nemet, Ivan"]
[Result "0-1"]
[WhiteElo "2460"]
[BlackElo "2450"]
[PlyCount "100"]
[EventDate "1991.01.08"]

1. e4 c5 2. Nf3 d6 3. d4 cxd4 4. Nxd4 Nf6 5. Nc3 a6 6. a4 e6 7. f4 Be7 8. Bd3
Nc6 9. Nf3 O-O 10. O-O e5 11. Kh1 exf4 12. Bxf4 Be6 13. Qe1 Nh5 14. Be3 Ne5 15.
Nd4 Nf6 16. Nf5 Bxf5 17. Rxf5 Re8 18. Qg3 g6 19. Bd4 Nfd7 20. Rff1 Rc8 21. Nd5
Bh4 22. Qh3 Bg5 23. Rf2 Rf8 24. Raf1 h5 25. Be2 Rxc2 26. Qb3 Rd2 27. Bxe5 Nxe5
28. Qxb7 a5 29. Bb5 Rxf2 30. Rxf2 Ng4 31. Rf1 Qc8 32. Qxc8 Rxc8 33. b4 axb4 34.
Nxb4 Rc3 35. Nc6 Be3 36. Ne7+ Kg7 37. Nd5 Ra3 38. h3 Nf2+ 39. Kh2 Bd4 40. Re1
h4 41. Nb4 Bc3 42. Nc2 Ra2 43. Re2 Nxe4 44. Bc4 Rb2 45. Na3 Nd2 46. Bb5 Ra2 47.
Nb1 Be5+ 48. Kg1 Bd4+ 49. Kh1 Ra1 50. Bd3 Nxb1 0-1

[Event "XXXIII Torneo B di Capodanno"]
[Site "Reggio nell'Emilia ITA"]
[Date "1991.01.12"]
[Round "5"]
[White "Braga, Fernando Alberto"]
[Black "Beil, Zdenek"]
[Result "1/2-1/2"]
[WhiteElo "2445"]
[BlackElo "2345"]
[PlyCount "29"]
[EventDate "1991.01.08"]

1. e4 c5 2. Nf3 e6 3. c3 d5 4. exd5 Qxd5 5. d4 Nf6 6. Na3 Qd8 7. Bg5 Nc6 8. Nc2
h6 9. Bh4 cxd4 10. Ncxd4 Nxd4 11. Qxd4 Qxd4 12. Nxd4 a6 13. Bxf6 gxf6 14. O-O-O
Bd7 15. Be2 1/2-1/2

[Event "XXXIII Torneo B di Capodanno"]
[Site "Reggio nell'Emilia ITA"]
[Date "1991.01.12"]
[Round "5"]
[White "Cebalo, Miso"]
[Black "Ceschia, Ivano"]
[Result "1-0"]
[WhiteElo "2540"]
[BlackElo "2340"]
[PlyCount "71"]
[EventDate "1991.01.08"]

1. d4 d5 2. Nf3 Nf6 3. c4 e6 4. Nc3 c6 5. Bg5 Nbd7 6. cxd5 exd5 7. e3 Be7 8.
Qc2 O-O 9. Bd3 Re8 10. O-O Nf8 11. h3 Ne4 12. Bf4 f5 13. Ne5 Ng6 14. Nxg6 hxg6
15. f3 Nf6 16. g4 Bd6 17. Bg5 Qd7 18. Rae1 Nh7 19. Bh4 Be7 20. Bg3 Bd6 21. Qh2
Bxg3 22. Qxg3 Qf7 23. e4 f4 24. Qf2 Be6 25. e5 g5 26. Kg2 g6 27. Rh1 Kg7 28. h4
Rh8 29. Rh2 Qe7 30. Reh1 Bf7 31. hxg5 Qxg5 32. Qd2 Raf8 33. Ne2 Be8 34. Qc1 b6
35. Rh6 b5 36. R1h2 1-0

[Event "XXXIII Torneo B di Capodanno"]
[Site "Reggio nell'Emilia ITA"]
[Date "1991.01.12"]
[Round "5"]
[White "Godena, Michele"]
[Black "Manca, Federico"]
[Result "1-0"]
[WhiteElo "2405"]
[BlackElo "2420"]
[PlyCount "73"]
[EventDate "1991.01.08"]

1. e4 e6 2. d4 d5 3. Nd2 Nf6 4. e5 Nfd7 5. Bd3 c5 6. c3 Nc6 7. Ne2 cxd4 8. cxd4
f6 9. exf6 Nxf6 10. Nf3 Bd6 11. O-O O-O 12. Bf4 Bxf4 13. Nxf4 Qd6 14. g3 Bd7
15. Re1 Rae8 16. Ne5 Nxd4 17. Bxh7+ Nxh7 18. Qxd4 Ng5 19. Nfg6 Nf3+ 20. Nxf3
Rxf3 21. Ne5 Rf5 22. f4 Rc8 23. Rac1 b6 24. Rxc8+ Bxc8 25. Rc1 Bb7 26. h4 Rf8
27. Kg2 Rc8 28. Rxc8+ Bxc8 29. h5 Qc5 30. Qd3 Qe7 31. Qg6 Qf6 32. Qc2 Ba6 33.
Qa4 Be2 34. Qe8+ Kh7 35. Nf7 g6 36. Ng5+ Kh6 37. Qg8 1-0

[Event "XXXIII Torneo B di Capodanno"]
[Site "Reggio nell'Emilia ITA"]
[Date "1991.01.12"]
[Round "5"]
[White "Vezzosi, Paolo"]
[Black "Cvitan, Ognjen"]
[Result "0-1"]
[WhiteElo "2325"]
[BlackElo "2535"]
[PlyCount "94"]
[EventDate "1991.01.08"]

1. e4 c5 2. Nf3 d6 3. d4 cxd4 4. Nxd4 Nf6 5. Nc3 e6 6. f4 a6 7. Be2 Be7 8. O-O
Qc7 9. Kh1 O-O 10. a4 Nc6 11. Nb3 b6 12. Be3 Bb7 13. Bf3 Rfe8 14. Qe1 Rac8 15.
Qg3 Nd7 16. Rad1 Nb4 17. Nd4 Bf6 18. Rf2 Nc5 19. f5 Qe7 20. fxe6 fxe6 21. Qh3
Nc6 22. Nxc6 Bxc6 23. Bd4 Bxd4 24. Rxd4 e5 25. Rd1 Nxa4 26. Nxa4 Bxa4 27. b3
Bc6 28. Bg4 Rcd8 29. Rdf1 Bxe4 30. Be6+ Kh8 31. Qg4 Rf8 32. Qxe4 Rxf2 33. Rxf2
Qxe6 34. Qc6 Qg4 35. h3 Qd4 36. Rf7 h6 37. Rxg7 Kxg7 38. Qc7+ Kg6 39. Qxd8 e4
40. Qg8+ Kf5 41. Qf8+ Qf6 42. Qc8+ Kf4 43. Qxa6 Ke3 44. Qxb6+ Ke2 45. Qb5+ Kf2
46. Qa4 e3 47. Qa7 d5 0-1

[Event "XXXIII Torneo B di Capodanno"]
[Site "Reggio nell'Emilia ITA"]
[Date "1991.01.13"]
[Round "6"]
[White "Belotti, Bruno"]
[Black "Godena, Michele"]
[Result "1/2-1/2"]
[WhiteElo "2460"]
[BlackElo "2405"]
[PlyCount "28"]
[EventDate "1991.01.08"]

1. d4 d5 2. Nf3 c5 3. c4 e6 4. cxd5 exd5 5. g3 Nc6 6. Bg2 Nf6 7. O-O Be6 8. Nc3
h6 9. Bf4 Rc8 10. dxc5 Bxc5 11. Rc1 O-O 12. Na4 Be7 13. Nc5 Bxc5 14. Rxc5 Qb6
1/2-1/2

[Event "XXXIII Torneo B di Capodanno"]
[Site "Reggio nell'Emilia ITA"]
[Date "1991.01.13"]
[Round "6"]
[White "Ceschia, Ivano"]
[Black "Vezzosi, Paolo"]
[Result "1-0"]
[WhiteElo "2340"]
[BlackElo "2325"]
[PlyCount "107"]
[EventDate "1991.01.08"]

1. e4 e5 2. Nc3 Nf6 3. g3 Bc5 4. Bg2 d6 5. Nf3 Nc6 6. d3 a6 7. Be3 Nd4 8. Bxd4
exd4 9. Ne2 Bg4 10. Qd2 Bxf3 11. Bxf3 Nd7 12. Bg2 c6 13. O-O O-O 14. c3 Qf6 15.
Kh1 a5 16. f4 a4 17. g4 g6 18. a3 Bb6 19. g5 Qg7 20. cxd4 Bxd4 21. Qb4 Bc5 22.
Qxb7 Ra7 23. Qxc6 Qxb2 24. Ng3 Nb8 25. Qd5 Bxa3 26. e5 dxe5 27. Ne4 Be7 28.
fxe5 Rd7 29. Nd6 Bxd6 30. exd6 a3 31. Rab1 Qc3 32. Rb3 Qd2 33. Bh3 Ra7 34. d7
Qa5 35. Rb5 Qd8 36. Rxf7 Rxf7 37. Rxb8 Qxb8 38. d8=Q+ Qxd8 39. Qxd8+ Kg7 40.
Qd4+ Kf8 41. Qd6+ Kg7 42. Qe5+ Kf8 43. Be6 Rfc7 44. Bc4 Rcb7 45. Qd6+ Ke8 46.
Qe5+ Kd7 47. Bb5+ Kd8 48. Qh8+ Kc7 49. Bc4 a2 50. Qxh7+ Kb6 51. Qxg6+ Kc5 52.
Qf5+ Kb4 53. Bxa2 Rxa2 54. Qe4+ 1-0

[Event "XXXIII Torneo B di Capodanno"]
[Site "Reggio nell'Emilia ITA"]
[Date "1991.01.13"]
[Round "6"]
[White "Manca, Federico"]
[Black "Braga, Fernando Alberto"]
[Result "0-1"]
[WhiteElo "2420"]
[BlackElo "2445"]
[PlyCount "88"]
[EventDate "1991.01.08"]

1. e4 e5 2. Nf3 Nc6 3. Bc4 Nf6 4. d3 Be7 5. O-O O-O 6. c3 d5 7. exd5 Nxd5 8. b4
Bf6 9. Bb3 Re8 10. a3 Nce7 11. Re1 Ng6 12. d4 c6 13. dxe5 Nxe5 14. Nxe5 Rxe5
15. Ra2 Bg4 16. f3 Rxe1+ 17. Qxe1 Bf5 18. Bc2 Be6 19. Bb3 Bf5 20. Bc2 Qd7 21.
Bxf5 Qxf5 22. Re2 h5 23. Re4 Nc7 24. Be3 Ne6 25. Bf2 Qd5 26. Re2 a5 27. Rd2 Qb3
28. Rd7 Rd8 29. Rxd8+ Bxd8 30. bxa5 Bxa5 31. g3 Qc2 32. Kg2 Bb6 33. Nd2 Bxf2
34. Qxf2 Qxc3 35. a4 Qa3 36. f4 Qxa4 37. f5 Ng5 38. h4 Ne4 39. Qf4 Qc2 40. Qxe4
Qxd2+ 41. Kh3 Qd5 42. Qb1 c5 43. Kh2 c4 44. Qb4 b5 0-1

[Event "XXXIII Torneo B di Capodanno"]
[Site "Reggio nell'Emilia ITA"]
[Date "1991.01.15"]
[Round "7"]
[White "Arlandi, Ennio"]
[Black "Manca, Federico"]
[Result "0-1"]
[WhiteElo "2400"]
[BlackElo "2420"]
[PlyCount "130"]
[EventDate "1991.01.08"]

1. d4 Nf6 2. c4 c5 3. d5 b5 4. cxb5 a6 5. e3 g6 6. Nc3 Bg7 7. a4 O-O 8. Nf3 d6
9. h3 Bb7 10. Rb1 axb5 11. axb5 e6 12. dxe6 fxe6 13. Be2 d5 14. O-O Qd6 15. Na4
Nbd7 16. b4 c4 17. Bb2 Bh6 18. Bd4 Ne4 19. Nc3 Nxc3 20. Bxc3 e5 21. e4 Rxf3 22.
Bxf3 d4 23. Bd2 Bf8 24. Ra1 Rc8 25. Bg4 Rc7 26. f4 Nf6 27. fxe5 Qxe5 28. Bf4
Qxe4 29. Bf3 Qxf4 30. Bxb7 Qe3+ 31. Kh1 Nh5 32. Rf3 Qe5 33. Ra8 Rxb7 34. Rfxf8+
Kg7 35. Rg8+ Kh6 36. Qd2+ Qf4 37. Qxf4+ Nxf4 38. Rgd8 Ne2 39. Rac8 c3 40. Rc5
Rxb5 41. Rxb5 c2 42. Rc5 Nc3 43. Rxd4 c1=Q+ 44. Kh2 Qe1 45. Rxc3 Qe5+ 46. Rg3
Qxd4 47. Rg4 Qe5+ 48. Kg1 Qe1+ 49. Kh2 Qe5+ 50. Kg1 Qb2 51. Kh2 Kg7 52. h4 Kf6
53. Kh3 Kf5 54. g3 Qb1 55. Rf4+ Ke5 56. Kg2 Qc2+ 57. Kf3 Qh2 58. Re4+ Kd5 59.
Rf4 Qg1 60. Kg4 Ke5 61. Kf3 Qf1+ 62. Ke3 Qg1+ 63. Kf3 Qf1+ 64. Ke3 Qg2 65. Rg4
h6 0-1